Parkovací dom

Saved in:
Bibliographic Details
Main Author: Blaščák, Ján, 1987- (Author)
Other Authors: Držka, Milan, 1946- (Thesis advisor)
Format: Manuscript Book
Language:Slovak
Published: Bratislava : STU v Bratislave SvF, 2012
Subjects:
Online Access:VAIS
Tags: Add Tag
No Tags, Be the first to tag this record!

MARC

LEADER 00000ntm a22000003a 4500
001 stu251751
005 20150617230227.5
008 120720s2012----xo------------------slo-d
040 |a STU  |b slo 
041 0 |a slo 
044 |a xo 
100 1 |a Blaščák, Ján,  |d 1987-  |4 aut  |u V180  |U SvF Stavebná fakulta  |T SvF Katedra konštrukcií pozemných stavieb  |X 39137  |U V180  |Y 18  |7 A000039137 
242 0 0 |a Car park  |y eng 
245 1 |a Parkovací dom 
260 |a Bratislava :  |b STU v Bratislave SvF,  |c 2012 
650 7 |a architektonické konštrukcie a projektovanie  |2 stusub 
650 7 |a Architectural Constructions and Design  |2 estusub 
650 7 |a concrete  |2 estusub 
650 7 |a construction  |2 estusub 
650 7 |a betón  |2 stusub 
650 7 |a konštrukcia  |2 stusub 
700 1 |a Držka, Milan,  |d 1946-  |4 ths  |u V180  |U SvF Stavebná fakulta  |T SvF Katedra konštrukcií pozemných stavieb  |X 975  |U V180  |Y 18  |7 A000000975 
856 4 |a info a plný text  |u http://is.stuba.sk/zp/portal_zp.pl?podrobnosti=82178  |3 VAIS